000 01402cam a2200349 a 4500
999 _c127323
_d127323
001 672681
003 ARRUPE
005 20180110145642.0
008 950731s1996 nyu 000 0aeng
010 _a 95037708
020 _a0805042075 (alk. paper)
040 _aDLC
_cDLC
_dDLC
043 _af-sa---
050 0 0 _aBL73.A73
_bA3 1996
082 0 0 _a299/.6/092
_aB
_220
100 1 _aArden, Nicky.
_938322
245 1 4 _aThe spirits speak :
_bone woman's mystical journey into the African spirit world /
_cNicky Arden.
250 _a1st ed.
260 _aNew York :
_bHenry Holt,
_cc1996.
300 _a255 p. ;
_c24 cm.
600 1 0 _aArden, Nicky.
_938322
650 0 _aSpiritual biography.
_938323
650 0 _aWomen shamans
_zSouth Africa
_xBiography.
_938324
650 0 _aShamanism
_zSouth Africa.
_938325
650 0 _aHealing
_xReligious aspects.
_938326
650 0 _aWomen
_zSouth Africa
_xSocial conditions.
_928756
906 _a7
_bcbc
_corignew
_d1
_eocip
_f19
_gy-gencatlg
942 _2lcc
_cMONOGRAPH